000 00340nam a2200145Ia 4500
008 230711s9999||||xx |||||||||||||| ||und||
041 _aENG
082 _a621
_bTI-E
100 _aTimoshenko S P
245 0 _aTheory of electricity
250 _a1st
260 _c1970
_aNew York
_bButterworth-Heinemann Ltd
650 _aPhysics
942 _cBK
999 _c546
_d546